[Event "FRA-ch U18 Girls"]
[Site "Saint Paul Trois Chateaux"]
[Date "2013.05.03"]
[Round "6"]
[White "Marchyllie, Michele"]
[Black "Granger, Alexia"]
[Result "0-1"]
[WhiteElo "1190"]
[BlackElo "1231"]
[PlyCount "116"]
[EventDate "2013.04.28"]
[EventType "swiss"]
[EventRounds "9"]
[EventCountry "FRA"]
[SourceTitle "CBM 154 Extra"]
[Source "ChessBase"]
[SourceDate "2013.06.25"]
[SourceVersion "2"]
[SourceVersionDate "2013.06.25"]
[SourceQuality "1"]

1. e4 e5 2. Nf3 Nc6 3. Bc4 Nf6 4. Nc3 Bb4 5. d3 d5 6. exd5 Nxd5 7. Bxd5 Qxd5 8. 0-0 Bxc3 9. bxc3 0-0 10. c4 Qd6 11. Be3 Bg4 12. Rb1 b6 13. h3 Bh5 14. d4 exd4 15. Bxd4 Bxf3 16. gxf3 Qxd4 17. Qxd4 Nxd4 18. Kg2 Nxc2 19. Rfd1 Rad8 20. Rd5 Rxd5 21. cxd5 Rd8 22. Rc1 Nb4 23. Rxc7 Nxd5 24. Rxa7 g6 25. Rb7 Kg7 26. Kg3 Ra8 27. f4 Rxa2 28. h4 Ra4 29. f3 Rxf4 30. Rb8 h5 31. Rb7 Rb4 32. Rd7 Nf6 33. f4 Rb3+ 34. Kf2 b5 35. Rb7 b4 36. Ke2 Nd5 37. Kd2 Rc3 38. Rb5 Nf6 39. Rxb4 Rh3 40. f5 Ng4 41. Rf4 Rxh4 42. f6+ Kh6 43. Kd3 Ne5+ 44. Ke4 Rxf4+ 45. Kxf4 Nd7 46. Kg3 Kg5 47. Kf3 h4 48. Kg2 Kf4 49. Kh3 g5 50. Kh2 g4 51. Kg2 h3+ 52. Kh2 Kf3 53. Kg1 g3 54. Kh1 g2+ 55. Kh2 Kf2 56. Kxh3 g1Q 57. Kh4 Nxf6 58. Kh3 Qg3# 0-1